Statistics for Country Homophones

Click here to take the quiz!

General Stats

  • This quiz has been taken 207 times
  • The average score is 7 of 18

Answer Stats

HintAnswer% Correct
lunch meat, Thanksgiving birdTurkey
98%
famished, starvedHungary
81%
U.S. state, O'KeeffeGeorgia
75%
ceramic, porcelainChina
71%
me/myself, sprintedIran
66%
air, MichaelJordan
57%
cold, frostyChile
45%
make more sugary, like honeySweden
43%
70s musical, in cookingGreece
42%
singular of parasite, found in hairLaos
26%
stringed instrument, has fretsQatar
24%
marine mollusks, outer coveringsSeychelles
24%
sportswear company, universityColombia
17%
officer, land surrounded by waterMarshall Islands
17%
male name, Michael MurrayChad
16%
Girl Scouts, coconut cookieSamoa
16%
chest feature, breast glandNepal
13%
female name, PitcherMali
5%

Score Distribution

Percentile by Number Answered

Percent of People with Each Score

Your Score History

You have not taken this quiz